Southville International School and Colleges
Your cart is empty.
  • Cart
  • Lists
    Public lists Eva Luna New books Lux_list list_1
    Your lists Log in to create your own lists
  • Log in to your account
  • Your cookies
  • Search history
Southville International School and Colleges
  • Advanced search
  • Recent comments
  • Most popular
  • Libraries

Log in to your account

Log in with GOOGLE


If you do not have an external account, but do have a local account, you can still log in:

  1. Home
  2. MARC view: Biopsychology /
Normal view MARC view ISBD view

Biopsychology / (Record no. 48177)

[ view plain ]
MARC details
000 -LEADER
fixed length control field 00632nam a2200217Ia 4500
008 - FIXED-LENGTH DATA ELEMENTS--GENERAL INFORMATION
fixed length control field 140321s9999 xx 000 0 und d
020 ## - INTERNATIONAL STANDARD BOOK NUMBER
International Standard Book Number 9789810696283
050 ## - LIBRARY OF CONGRESS CALL NUMBER
Classification number QP 360
Item number .P463 2011
100 ## - MAIN ENTRY--PERSONAL NAME
Personal name Pinel, John P. J.
245 ## - TITLE STATEMENT
Title Biopsychology /
Statement of responsibility, etc John P. J. Pinel.
250 ## - EDITION STATEMENT
Edition statement 8th ed.
260 ## - PUBLICATION, DISTRIBUTION, ETC. (IMPRINT)
Place of publication, distribution, etc Boston :
Name of publisher, distributor, etc Allyn & Bacon,
Date of publication, distribution, etc c2011.
300 ## - PHYSICAL DESCRIPTION
Extent 584 p. :
Other physical details ill. ;
Dimensions 29 cm.
500 ## - GENERAL NOTE
General note Includes bibliographical references and indexes.
521 ## - TARGET AUDIENCE NOTE
Target audience note
650 ## - SUBJECT ADDED ENTRY--TOPICAL TERM
Topical term or geographic name as entry element Behavior
General subdivision Physiopathology.
650 ## - SUBJECT ADDED ENTRY--TOPICAL TERM
Topical term or geographic name as entry element Psychology
General subdivision Textbooks.
650 ## - SUBJECT ADDED ENTRY--TOPICAL TERM
Topical term or geographic name as entry element Psycholphysiology
General subdivision Methods.
942 ## - ADDED ENTRY ELEMENTS (KOHA)
Call number prefix Foreign
Koha item type Books
Holdings
Withdrawn status Lost status Source of classification or shelving scheme Damaged status Home library Current library Shelving location Date acquired Source of acquisition Total Checkouts Total Renewals Full call number Barcode Date last seen Date checked out Price effective from Koha item type
    Library of Congress Classification   Archives Archives   03/21/2014 Donation 1 3 QP 360 .P463 2011 C17460 05/15/2018 11/23/2017 03/21/2014 Books

Biopsychology /

APA

Pinel J. P. J., . (2011). Biopsychology. Boston: Allyn & Bacon.

Chicago

Pinel John P J, . 2011. Biopsychology. Boston: Allyn & Bacon.

Harvard

Pinel J. P. J., . (2011). Biopsychology. Boston: Allyn & Bacon.

MLA

Pinel John P J, . Biopsychology. Boston: Allyn & Bacon. 2011.

  • Place hold
  • Print
  • Cite
  • Add to your cart (remove)
  • Save record
    BIBTEX Dublin Core MARCXML MARC (non-Unicode/MARC-8) MARC (Unicode/UTF-8) MARC (Unicode/UTF-8, Standard) MODS (XML) RIS
  • More searches
    Search for this title in:
    Other Libraries (WorldCat) Other Databases (Google Scholar) Online Stores (Bookfinder.com) Open Library (openlibrary.org)

Exporting to Dublin Core...

SOUTHVILLE LIBRARY

Southville International School and Colleges Library

1281 Tropical Ave. Cor. Luxembourg St., BF Homes International, Las Pinas City

Tel. No. 8256374 / 252358 Loc. 117/146

Powered by Koha